Martha /

Spremljeno u:
Bibliografski detalji
Daljnji autori: Woolrich, Cornell, Schulz, Lothar, Böhm, Karlheinz, Fassbinder, Rainer Werner, Carstensen, Margit
Format: Slajd
Jezik:talijanski
Izdano: [Italia! : CDE home video, 1995
Oznake: Dodaj oznaku
Bez oznaka, Budi prvi tko označuje ovaj zapis!

MARC

LEADER 00000ngm a22000007i 4500
001 IT\ICCU\RAV\0289964
003 ItRI
005 20260124182816.0
008 970315s1995 it |||||||||||||||k|||||c
028 4 2 |a CQ00332 
028 4 2 |a CQ10014 
040 |b ita 
041 7 |a ita  |2 ISO-639-2 
130 0 |a Martha <film ; 1973>  |3 IT\ICCU\CAG\0885128 
245 0 0 |a Martha /  |c un film di Rainer Werner Fassbinder ; sceneggiatura di R. W. Fassbinder ; liberamente tratto dal romanzo di Cornell Woolrich For the rest of her life!. 
260 |a [Italia! :  |b CDE home video,  |c 1995 
300 |a 1 videocassetta (VHS) (111 min.) :  |b col., son 
500 |a Interpreti: Margit Carstensen, Karlheinz Bohm ...[et al.! - Fotografia: Lothar Schulz, Christian Hohoff 
500 |a Musica: AA. VV 
500 |a Ripr. del film 1973, prod. RFT 
500 |a Doppiato in italiano 
500 |a NE: CQ 00 332 Univideo. 
700 1 |a Woolrich, Cornell  |0 IT\ICCU\CFIV\008182 
700 1 |a Schulz, Lothar  |0 IT\ICCU\LO1V\305039 
700 1 |a Böhm, Karlheinz  |0 IT\ICCU\LO1V\411915 
700 1 |a Fassbinder, Rainer Werner  |0 IT\ICCU\RAVV\057361 
700 1 |a Carstensen, Margit  |0 IT\ICCU\RAVV\099647 
790 1 |a Hopley, George  |3 IT\ICCU\CFIV\008184  |z Woolrich, Cornell 
790 1 |a Irish, William  |3 IT\ICCU\CFIV\008185  |z Woolrich, Cornell 
790 1 |a Hopley-Woolrich, Cornell George  |3 IT\ICCU\CFIV\181643  |z Woolrich, Cornell 
790 1 |a Woolrih, Gornell  |3 IT\ICCU\UBOV\464251  |z Woolrich, Cornell 
790 1 |a Böhm, Karl Heinz  |3 IT\ICCU\SBNV\075475  |z Böhm, Karlheinz 
790 1 |a Fassbinder, Werner  |3 IT\ICCU\SBNV\033758  |z Fassbinder, Rainer Werner 
790 1 |a Fassbinder, R. W.  |3 IT\ICCU\SBNV\033759  |z Fassbinder, Rainer Werner 
790 1 |a Fassbinder, Rainer  |3 IT\ICCU\SBNV\033760  |z Fassbinder, Rainer Werner 
942 |2 ddc  |c VM  |n 0 
952 |0 0  |1 0  |4 0  |6 VO_517_000000000000000  |7 0  |9 26637  |a BO  |b BO  |d 2026-01-24  |i 7094  |l 0  |o VO 517  |p BO7094  |r 2026-01-24 18:28:16  |w 2026-01-24  |x [Sebina 5] [1 videocassetta]  |y VM  |z 1 videocassetta 
999 |c 22529  |d 22529